| 000 | | | 04779nmc2a22002653x 450 |
| 001 | | | f31c7a9d-3a73-44e4-9114-4116f5f1aecb |
| 005 | | | 20241206124214.0 |
| 100 | ## | $a | 20240703l17901790k l0rusy0189 ca |
| 101 | 0# | $a | rus |
| 102 | ## | $a | RU |
| 105 | ## | $a | y### |
| 122 | 2# | $a | d |
| 200 | 1# | $a | Ведомости Нижегородского приказа общественного призрения о состоянии народных училищ Нижегородской губернии за первую половину 1790 года, от 20 августа 1790 года |
| | $j | 20 августа - 6 сентября 1790 г. |
| 215 | ## | $a | 4 л. |
| | $d | 36,5х26 см |
| 251 | ## | $c | Дело |
| 300 | ## | $a | Иван Белавин |
| 300 | ## | $a | Ориг. заголовок дела: Дело в Главное училищное правительство Нижегородского наместничества из приказа общественного призрения. Какая доставлена в приказ общественного призрения народных училищ, в сходственность высочайше конфирмованного народным училищам устава, 71 статьи о производимых, как в Главном, так и малых народных училищах, в преподаваемых ученикам науках испытаний, полугодовая ведомость при этом в то Правительство препровождается. 20 августа 1790 г. - 6 сентября 1790 г |
| 371 | ## | $a | Документ не является опубликованным и широко распространяемым |
| 461 | #0 | $1 | 00174716ac7-ef0a-4ce9-889f-df06b5c6e13c |
| | $1 | 2001 |
| | $a | Комиссия об учреждении народных училищ |
| | $1 | 251 |
| | $c | Фонд |
| | $1 | 852 |
| | $j | 730 |
| 462 | #0 | $1 | 001e6616291-8022-4671-9001-59f853d67170 |
| | $1 | 2001 |
| | $a | Журналы заседаний и определения Комиссии; ведомости приказов общественного призрения о состоянии и бюджете училищ, учителях, успехах учеников |
| | $1 | 251 |
| | $c | Опись |
| | $1 | 852 |
| | $j | 2 |
| 517 | 1# | $a | Дело в Главное училищное правительство Нижегородского наместничества из приказа общественного призрения. Какая доставлена в приказ общественного призрения народных училищ, в сходственность высочайше конфирмованного народным училищам устава, 71 статьи о производимых, как в Главном, так и малых народных училищах, в преподаваемых ученикам науках испытаний, полугодовая ведомость при этом в то Правительство препровождается. 20 августа 1790 г. - 6 сентября 1790 г |
| 801 | #0 | $a | RU |
| | $b | РГИА |
| | $c | 20240703 |
| | $g | RCR |
| 801 | #1 | $a | RU |
| | $b | ГлавНИВЦ |
| | $c | 20240703 |
| | $2 | rusmarc |
| 801 | #2 | $a | RU |
| | $b | ПБ им. Б.Н. Ельцина |
| | $c | 20241206 |
| | $g | RCR |
| | $2 | rusmarc |
| 850 | ## | $a | РГИА |
| 852 | ## | $a | РГИА |
| | $e | Федеральное казенное учреждение "Российский государственный исторический архив" (РГИА) |
| | $j | 1066 |
| 937 | ## | $h | РГИА |
| | $d | 12414233 |
| | $a | ASBIBLIO_SCAN |
| 035 | ## | $a | RusGRCC00079708 |
| 856 | ## | $u | http://readingroom.main.prlib.ru/item.aspx?id_node=n195173877&mode=full |